Ville hôtes des J.O d'été - Statistiques

Statistiques générales
  • Ce quiz a été pris 55 fois
    19 depuis la dernière actualisation
  • Le résultat moyen est 26 sur 32
Statistiques - réponses
Hint Réponse % Correct
1896 Athènes
100%
2004 Athènes
100%
1936 Berlin
100%
1900 Paris
100%
1924 Paris
100%
2024 Paris
100%
1964 Tokyo
100%
2020 (2021) Tokyo
100%
1992 Barcelone
94%
1908 Londres
94%
1948 Londres
94%
2012 Londres
94%
1932 Los Angeles
94%
1984 Los Angeles
94%
2028 Los Angeles
94%
2008 Pekin
94%
1980 Moscou
89%
2016 Rio de Janeiro
89%
1960 Rome
89%
2000 Sydney
89%
1968 Mexico
83%
1972 Munich
83%
1988 Séoul
72%
1928 Amsterdam
67%
1952 Helsinki
61%
1996 Atlanta
56%
2032 Brisbane
50%
1956 Melbourne
50%
1976 Montréal
50%
1912 Stockholm
50%
1920 Anvers
44%
1904 Saint Louis
33%
Aucun quiz correspondant
Distribution des résultats
% des personnes avec chaque résultat
Percentile par nombre de réponses
Votre historique - résultats
Vous n’avez pas pris ce quiz depuis la dernière actualisation